Music Quiz

Random Music or Album Quiz

Album Titles Starting with 'Songs...' Quiz Stats

 Plays Quiz Updated Mar 26, 2012

Challenge
Share
Tweet
Embed
Score 0/18 Timer 05:00
0 Plays Today
Songs... Artist % Correct
...in the Key of LifeStevie Wonder
55.7%
...About JaneMaroon 5
42.5%
...in A MinorAlicia Keys
35%
...for Swingin' Lovers!Frank Sinatra
31.2%
...for the DeafQueens of the Stone Age
25.4%
...from the Big ChairTears for Fears
23.1%
...of Freedom*Bob Marley and the Wailers
18.2%
...in the Attic*Billy Joel
17%
...for SilvermanBen Folds
15.3%
Songs... Artist % Correct
...You Know by Heart*Jimmy Buffett
11.3%
...of Faith and DevotionDepeche Mode
10.7%
...from an American Movie
[vol. 1 and 2]
Everclear
8.9%
...from the Last CenturyGeorge Michael
8.9%
...of Love and HateLeonard Cohen
7.9%
...to Learn & Sing*Echo and the Bunnymen
5%
...About Girlswill.i.am
4%
...About MeTrace Adkins
3.3%
...to Grow On for
Mother and Child
Woody Guthrie
2.6%

You're not logged in!

Compare scores with friends on all Sporcle quizzes.
Join for Free
OR
Log In

You Might Also Like...

Show Comments

Extras

Top Quizzes Today


Score Distribution

Your Account Isn't Verified!

In order to create a playlist on Sporcle, you need to verify the email address you used during registration. Go to your Sporcle Settings to finish the process.

Report this User

Report this user for behavior that violates our Community Guidelines.

Details: